000 01031cab a2200265 4500
001 ABS50804
008 090401t1994 xxu||||| |||| 00| 0 eng d
035 _a(Sirsi) u52602
041 _aeng
100 _aCoomber, M.
245 _aCladding and curtain walling: hanging`s not good enough
260 _c1994
350 _a0
490 _aBuilding
_v259(7847) 10 June 1994, 36-52(8)
520 _aIncludes articles on how British cladding firms must improve their product if they are to stop European invasion of their market, one architect`s experience of three decades of using Astrawall cladding and the use of dense reconstituted stone cladding and precast concrete panels on the Scottish Office`s new building at Leith. New products listed.
650 _aASTRAWALL CLADDING
650 _aCLADDING
650 _aCURTAIN WALLING
650 _aENERGY EFFICIENCY
650 _aPRECAST CONCRETE
650 _aSTONE CLADDING
690 _aBUILT ENVIRONMENT-BUILDING MATERIALS
942 _n0
948 _c04/03/1997
999 _c32539
_d32539